Футбол на Красной площади (Запись № 13182340)

Подробности
000 -МАРКЕР
контрольное поле 03050nam0a2200385 4500
001 - ИДЕНТИФИКАТОР ЗАПИСИ
контрольное поле RU\NLR\BIBL_A\012800781
005 - ИДЕНТИФИКАТОР ВЕРСИИ
контрольное поле 20251021142114.0
010 ## - МЕЖДУНАРОДНЫЙ СТАНДАРТНЫЙ НОМЕР КНИГИ (ISBN)
Номер (ISBN) 978-5-00185-078-6
Уточнения Просвещение-Союз
010 ## - МЕЖДУНАРОДНЫЙ СТАНДАРТНЫЙ НОМЕР КНИГИ (ISBN)
Номер (ISBN) 978-5-09-092426-9
Уточнения Просвещение
Тираж 1000
021 ## - НОМЕР ГОСУДАРСТВЕННОЙ РЕГИСТРАЦИИ
Код страны Российская Федерация
Номер КН-П-22-009762
Номер Листа государственной регистраци КН-П-22-0803
035 ## - ДРУГИЕ СИСТЕМНЫЕ НОМЕРА
Идентификатор записи (NLR Aleph) 012800781
035 ## - ДРУГИЕ СИСТЕМНЫЕ НОМЕРА
Идентификатор записи (RuMoRGB)010981910
100 ## - ДАННЫЕ ОБЩЕЙ ОБРАБОТКИ
Данные общей обработки 20220526d2022 u y0rusy50 ca
101 0# - ЯЗЫК РЕСУРСА
Язык текста, звукозаписи и т.д. русский
102 ## - СТРАНА ПУБЛИКАЦИИ ИЛИ ПРОИЗВОДСТВА
Страна публикации Российская Федерация
105 ## - ПОЛЕ КОДИРОВАННЫХ ДАННЫХ: ТЕКСТОВЫЕ МАТЕРИАЛЫ, МОНОГРАФИЧЕСКИЕ
Кодированные данные о монографическом текстовом документе ach z 000zy
181 #0 - ПОЛЕ КОДИРОВАННЫХ ДАННЫХ: ВИД СОДЕРЖАНИЯ
Код вида содержания (ISBD) i
Код характеристики содержания (ISBD) axxe
182 #0 - ПОЛЕ КОДИРОВАННЫХ ДАННЫХ: ТИП СРЕДСТВА
Код типа средства (ISBD) n - непосредственное
200 1# - ЗАГЛАВИЕ И СВЕДЕНИЯ ОБ ОТВЕТСТВЕННОСТИ
Основное заглавие Футбол на Красной площади
Сведения, относящиеся к заглавию записки спортивного журналиста
Первые сведения об ответственности Пётр Спектор
203 ## - ВИД СОДЕРЖАНИЯ И ТИП СРЕДСТВА
Вид содержания Текст
Дополнительные сведения об издании визуальный
Тип средства непосредственный
210 ## - ПУБЛИКАЦИЯ, РАСПРОСТРАНЕНИЕ И ДР.
Место издания, распространения и т.д. Москва
Имя издателя, распространителя и т. д. Просвещение
Дата издания, распространения и т.д. 2022
215 ## - ФИЗИЧЕСКАЯ ХАРАКТЕРИСТИКА
Специфическое обозначение материала и объем 430, [1] с., [16] л. ил., цв. ил., портр., факс.
Другие сведения о физической характеристике факс.
Размеры 22
330 ## - РЕЗЮМЕ ИЛИ РЕФЕРАТ
Текст примечания Эта книга открывает славные страницы истории футбола, хоккея, гимнастики, шахмат и других видов спорта. Вас ждет настоящий калейдоскоп портретов, забавных случаев и триумфов отечественного и не только спорта, а также - уникальные факты из жизни Эдуарда Стрельцова и Валерия Харламова, Льва Яшина и Владислава Третьяка, Анатолия Карпова и Ольги Корбут, Рината Дасаева и Николая Старостина и многих других. А еще здесь есть рассказы о многолетней дружбе и работе с главредом МК Павлом Гусевым, о встречах с Эдуардом Хруцким, Олегом Ефремовым, Андреем Вознесенским, Ильей Глазуновым, Давидом Иоселиани, а также другими королями литературы и искусства, медицины и политики
600 #1 - ИМЯ ЛИЦА КАК ПРЕДМЕТ
Начальный элемент ввода Спектор
Часть имени, кроме начального элемента ввода П. М.
Даты 1958
Расширение инициалов личного имени Пётр Маркович
Формальный подзаголовок Воспоминания, записки и т.п
Системный номер авторитетной/нормативной записи 2525465
Идентификатор авторитетной/нормативной записи RU\NLR\AUTH\6601710432
606 ## - НАИМЕНОВАНИЕ ТЕМЫ КАК ПРЕДМЕТ
Наименование темы Физическая культура и спорт
Формальный подзаголовок Воспоминания, записки и т.п
Географический подзаголовок Российская Федерация
Системный номер авторитетной/нормативной записи 2226800
Идентификатор авторитетной/нормативной записи RU\NLR\AUTH\661336760
606 1# - НАИМЕНОВАНИЕ ТЕМЫ КАК ПРЕДМЕТ
Наименование темы Физическая культура и спорт
Формальный подзаголовок Воспоминания, записки и т.п
Географический подзаголовок СССР
Системный номер авторитетной/нормативной записи 1087971
Идентификатор авторитетной/нормативной записи RU\NLR\AUTH\66107341
675 ## - УНИВЕРСАЛЬНАЯ ДЕСЯТИЧНАЯ КЛАССИФИКАЦИЯ (UDC/УДК)
Индекс 821.161.1-94
Издание 4
686 1# - ИНДЕКСЫ ДРУГИХ КЛАССИФИКАЦИЙ
Индекс Ч513(2)7
686 1# - ИНДЕКСЫ ДРУГИХ КЛАССИФИКАЦИЙ
Индекс Ч612.3(2Р)7-8Спектор
700 #1 - ИМЯ ЛИЦА - ПЕРВИЧНАЯ ОТВЕТСТВЕННОСТЬ
Начальный элемент ввода Спектор
Часть имени, кроме начального элемента ввода П. М.
Даты 1958-
Расширение инициалов личного имени Пётр Маркович
942 ## - ДОПОЛНИТЕЛЬНЫЕ ЭЛЕМЕНТЫ ЗАПИСИ (АБИС)
Тип экземпляра АБИС Книга
980 ## - КОЛЛЕКЦИЯ
Название коллекции Национальная библиография
Экземпляры
Тип экземпляра Дата поступления Источник поступления Библиотека постоянного хранения Библиотека текущего хранения Место хранения Шифр хранения Штрих-код Статус экземпляра
Книга 26.05.2022 Обязательный экземпляр РНБ (Московский) РНБ (Московский) Русский книжный фонд: издания с 1957 года 2022-5/5104 1-3827666  
Книга 26.05.2022 Обязательный экземпляр РНБ (Московский) РНБ (Московский) Русский книжный фонд: издания с 1957 года 2022-5/5104 1-3827662